[Event "Manavgat Turkey Cup"]
[Site "Manavgat"]
[Date "2016.02.04"]
[Round "9"]
[White "Cubukcu, Berkin"]
[Black "Acarbay, Aydin"]
[Result "1/2-1/2"]
[WhiteElo "1753"]
[BlackElo "1878"]
[PlyCount "38"]
[EventDate "2016.01.30"]
[EventType "swiss"]
[EventRounds "11"]
[EventCountry "TUR"]
[SourceTitle "CBM 170 Extra"]
[Source "ChessBase"]
[SourceDate "2016.02.25"]
[SourceVersion "1"]
[SourceVersionDate "2016.02.25"]
[SourceQuality "1"]

1. e4 c5 2. Nf3 d6 3. d4 cxd4 4. Nxd4 Nf6 5. Nc3 a6 6. Be2 e5 7. Nb3 Be7 8. 0-0 0-0 9. f4 exf4 10. Bxf4 Nc6 11. Qe1 Ne5 12. Qg3 Ng6 13. Bg5 Kh8 14. Rad1 Be6 15. Kh1 Rc8 16. Nd4 Qb6 17. Bc1 Ne5 18. Nf5 Bxf5 19. Rxf5 Qc6 1/2-1/2

[Event "Manavgat Turkey Cup"]
[Site "Manavgat"]
[Date "2016.02.03"]
[Round "7"]
[White "Cubukcu, Berkin"]
[Black "Karaahmetoglu, Ege"]
[Result "1/2-1/2"]
[WhiteElo "1753"]
[BlackElo "2017"]
[PlyCount "75"]
[EventDate "2016.01.30"]
[EventType "swiss"]
[EventRounds "11"]
[EventCountry "TUR"]
[SourceTitle "CBM 170 Extra"]
[Source "ChessBase"]
[SourceDate "2016.02.25"]
[SourceVersion "1"]
[SourceVersionDate "2016.02.25"]
[SourceQuality "1"]

1. e4 e5 2. Nf3 Nc6 3. Bc4 Bc5 4. d3 Nf6 5. c3 d6 6. 0-0 a6 7. Bb3 Ba7 8. h3 h6 9. Re1 0-0 10. Nbd2 Nh5 11. Nf1 Qf6 12. Be3 Nf4 13. Bxa7 Rxa7 14. Ne3 g5 15. Nd5 Nxd5 16. Bxd5 Ne7 17. Bb3 Ng6 18. Nh2 Nf4 19. Qf3 h5 20. Rad1 c5 21. Kh1 Kg7 22. Qg3 Rg8 23. Qe3 b6 24. d4 g4 25. dxe5 dxe5 26. h4 Bb7 27. g3 Nh3 28. Re2 Rd8 29. Rxd8 Qxd8 30. Rd2 Qe7 31. Bd5 Bc8 32. Kg2 Rd7 33. Nf1 f5 34. exf5 Rxd5 35. Rxd5 Bb7 36. Qe4 Kf6 37. Ne3 b5 38. b3 1/2-1/2

[Event "Manavgat Turkey Cup"]
[Site "Manavgat"]
[Date "2016.02.02"]
[Round "5"]
[White "Cubukcu, Berkin"]
[Black "Agdelen, Huseyin Can"]
[Result "1-0"]
[WhiteElo "1753"]
[BlackElo "1992"]
[PlyCount "89"]
[EventDate "2016.01.30"]
[EventType "swiss"]
[EventRounds "11"]
[EventCountry "TUR"]
[SourceTitle "CBM 170 Extra"]
[Source "ChessBase"]
[SourceDate "2016.02.25"]
[SourceVersion "1"]
[SourceVersionDate "2016.02.25"]
[SourceQuality "1"]

1. e4 e6 2. d4 d5 3. exd5 exd5 4. Bd3 Bd6 5. Nf3 Ne7 6. c3 Nbc6 7. h3 h6 8. Qc2 Be6 9. Nbd2 Qd7 10. b3 0-0-0 11. Bb2 Ng6 12. g3 Kb8 13. h4 Qe7 14. 0-0-0 Qf6 15. Rdf1 Rhe8 16. h5 Nge7 17. Rh4 Nf5 18. Rh2 Bxg3 19. fxg3 Ne3 20. Ne5 Nxf1 21. Nxc6+ bxc6 22. Nxf1 Bg4 23. Qf2 Qg5+ 24. Kc2 Rd6 25. Bc1 Qd8 26. Qf4 Bc8 27. Qh4 Rf6 28. Bf4 Bf5 29. Bxf5 Rxf5 30. Qxd8+ Rxd8 31. Ne3 Rf6 32. Be5 Rf3 33. Bf4 g6 34. hxg6 fxg6 35. Rxh6 Re8 36. Kd3 g5 37. Be5 c5 38. Rc6 cxd4 39. cxd4 g4 40. Rg6 Rf2 41. Rxg4 Rxa2 42. Nxd5 Ra3 43. Kc3 Rf8 44. Rf4 Rg8 45. Rf7 1-0

[Event "Manavgat Turkey Cup"]
[Site "Manavgat"]
[Date "2016.02.01"]
[Round "4"]
[White "Cubukcu, Berkin"]
[Black "Gazioglu, Halit"]
[Result "1-0"]
[WhiteElo "1753"]
[BlackElo "1898"]
[PlyCount "93"]
[EventDate "2016.01.30"]
[EventType "swiss"]
[EventRounds "11"]
[EventCountry "TUR"]
[SourceTitle "CBM 170 Extra"]
[Source "ChessBase"]
[SourceDate "2016.02.25"]
[SourceVersion "1"]
[SourceVersionDate "2016.02.25"]
[SourceQuality "1"]

1. e4 e5 2. Nf3 Nc6 3. Bc4 Nf6 4. d3 Be7 5. c3 0-0 6. Nbd2 d6 7. Bb3 Na5 8. Bc2 c5 9. 0-0 Qc7 10. Re1 Re8 11. Nf1 h6 12. h3 Bf8 13. Ng3 Nc6 14. Nh4 g6 15. Qf3 Nh7 16. Qd1 Be6 17. Nf3 Bg7 18. Bb3 Nf8 19. Bxe6 Nxe6 20. Nh2 Qe7 21. Bd2 Kh7 22. Qf3 h5 23. Rad1 Rf8 24. Nf5 gxf5 25. Qxh5+ Kg8 26. exf5 Nc7 27. Re4 f6 28. Ng4 Rf7 29. Qg6 Kf8 30. Bh6 Bxh6 31. Nxh6 Rg7 32. Qh5 Qe8 33. Qh4 Ke7 34. Ng4 Qf8 35. d4 cxd4 36. cxd4 Rxg4 37. Rxg4 Nxd4 38. Qh7+ Kd8 39. Rg8 Qxg8 40. Qxg8+ Ne8 41. Qh7 Rb8 42. h4 Rc8 43. h5 Rc7 44. Qg6 Rg7 45. h6 Rxg6 46. fxg6 Ne2+ 47. Kf1 1-0

[Event "Manavgat Turkey Cup"]
[Site "Manavgat"]
[Date "2016.01.30"]
[Round "1"]
[White "Caliskan, Gamze"]
[Black "Cubukcu, Berkin"]
[Result "0-1"]
[WhiteElo "1010"]
[BlackElo "1753"]
[PlyCount "134"]
[EventDate "2016.01.30"]
[EventType "swiss"]
[EventRounds "11"]
[EventCountry "TUR"]
[SourceTitle "CBM 170 Extra"]
[Source "ChessBase"]
[SourceDate "2016.02.25"]
[SourceVersion "1"]
[SourceVersionDate "2016.02.25"]
[SourceQuality "1"]

1. e4 e5 2. Nf3 Nc6 3. Bb5 a6 4. Bxc6 dxc6 5. d3 Qd6 6. 0-0 Bg4 7. h3 Bh5 8. Nc3 0-0-0 9. a3 f6 10. g4 Bf7 11. b4 h5 12. g5 Be6 13. Kg2 Qd7 14. Rh1 Be7 15. Be3 fxg5 16. Nxg5 Bxg5 17. Bxg5 Rf8 18. f3 h4 19. Qe1 Ne7 20. Bxh4 Ng6 21. Bg3 Bxh3+ 22. Kf2 Bg4 23. Rxh8 Nxh8 24. Bxe5 Rxf3+ 25. Kg2 Nf7 26. Bh2 Ng5 27. Qh4 Bh3+ 28. Kg1 Qd4+ 29. Kh1 Qxc3 30. Rg1 Ne6 31. Qe7 Qf6 32. Qe8+ Nd8 33. e5 Qe6 34. Qxe6+ Nxe6 35. Rg6 Bf5 36. Kg2 Re3 37. Kf2 Rh3 38. Rg2 g6 39. Ke1 Nd4 40. Kd2 Rxh2 41. Rxh2 Nf3+ 42. Ke3 Nxh2 43. Kf4 Kd7 44. Ke3 Ke6 45. Kf4 Ng4 46. a4 Nxe5 47. d4 Nc4 48. c3 Kd5 49. Kg5 Ke4 50. Kf6 Kf4 51. a5 g5 52. Ke7 Ne3 53. Kd8 Nd5 54. c4 Nxb4 55. Kxc7 g4 56. Kxb7 g3 57. Kb6 g2 58. Kc5 g1Q 59. Kxb4 Qxd4 60. Kb3 Bd3 61. Kb4 Qxc4+ 62. Ka3 Qc3+ 63. Ka2 Bc4+ 64. Kb1 Qd2 65. Ka1 Bb3 66. Kb1 Qa2+ 67. Kc1 Qc2# 0-1

[Event "Manavgat Turkey Cup"]
[Site "Manavgat"]
[Date "2015.02.03"]
[Round "5"]
[White "Cubukcu, Berkin"]
[Black "Demirtas, Sinan"]
[Result "1-0"]
[WhiteElo "1661"]
[BlackElo "1558"]
[PlyCount "64"]
[EventDate "2015.01.31"]
[EventType "swiss"]
[EventRounds "11"]
[EventCountry "TUR"]
[SourceTitle "CBM 164 Extra"]
[Source "ChessBase"]
[SourceDate "2015.03.02"]
[SourceVersion "1"]
[SourceVersionDate "2015.03.02"]
[SourceQuality "1"]

1. e4 c5 2. Nf3 Nc6 3. d4 cxd4 4. Nxd4 d6 5. c4 Nf6 6. Nc3 g6 7. Be2 Bg7 8. Be3 0-0 9. 0-0 Qd7 10. h3 b6 11. Nd5 Nxe4 12. Nxc6 Re8 13. Nd4 Bb7 14. Bf3 e6 15. Bxe4 exd5 16. Bxd5 Bxd5 17. cxd5 Re4 18. Qd3 Rh4 19. Nf3 Rxh3 20. gxh3 Qxh3 21. Bf4 Qg4+ 22. Bg3 Re8 23. Rae1 Be5 24. Nxe5 dxe5 25. Qe2 Qh3 26. Qe3 Qg4 27. Qe4 Qh5 28. Qh4 Qf5 29. d6 g5 30. Qh5 Kg7 31. d7 Qxd7 32. Qxg5+ Kf8 1-0

[Event "TUR-ch"]
[Site "Kemer"]
[Date "2012.02.04"]
[Round "9"]
[White "Cubukcu, Berkin"]
[Black "Yalcin, Ozgun"]
[Result "0-1"]
[WhiteElo "1635"]
[BlackElo "1836"]
[PlyCount "160"]
[EventDate "2012.01.29"]
[EventType "swiss"]
[EventRounds "10"]
[EventCountry "TUR"]
[SourceTitle "CBM 146 Extra"]
[Source "ChessBase"]
[SourceDate "2012.02.29"]
[SourceVersion "1"]
[SourceVersionDate "2012.02.29"]
[SourceQuality "1"]

1. e4 c5 2. Nf3 d6 3. d4 cxd4 4. Nxd4 Nf6 5. Nc3 a6 6. Be2 e6 7. Be3 Be7 8. 0-0 0-0 9. f4 Nc6 10. Kh1 Qc7 11. Qe1 Nxd4 12. Bxd4 b5 13. a3 Bb7 14. Bd3 Nd7 15. Qg3 e5 16. Be3 exf4 17. Bxf4 Ne5 18. Rad1 Rad8 19. Be3 Ng6 20. Qf2 Rde8 21. Bd4 Ne5 22. Qg3 Ng6 23. Qf2 Qc8 24. Rde1 Bh4 25. g3 Be7 26. Kg1 Ne5 27. Nd5 Bd8 28. Ne3 Re6 29. Ng2 Rh6 30. Qf5 Qc7 31. Ne3 Rf6 32. Qh5 g6 33. Qh6 Qd7 34. Nd5 Bxd5 35. exd5 Re8 36. Qd2 Nf3+ 37. Rxf3 Rxf3 38. Kg2 Rxe1 39. Qxe1 Rxd3 40. cxd3 Qe7 41. Qxe7 Bxe7 42. Kf3 f5 43. b3 Kf7 44. h3 Bf6 45. Bb6 Bb2 46. a4 Ba3 47. axb5 axb5 48. Bd8 h6 49. Ke2 g5 50. Kf3 Kg6 51. Be7 Kf7 52. Bd8 Bb2 53. Ke2 Be5 54. Kf3 Ke8 55. Bb6 Kd7 56. Bf2 Ke7 57. Bb6 Kf7 58. Bd8 Bf6 59. Bc7 Be7 60. Bb6 Kg6 61. Bd4 Bf6 62. Bb6 Bb2 63. Bc7 Ba3 64. Bb6 h5 65. Bd4 g4+ 66. Kg2 Bc1 67. Bb6 f4 68. hxg4 hxg4 69. Bc7 f3+ 70. Kf2 Ba3 71. Bb6 Bc5+ 72. Bxc5 dxc5 73. Ke3 Kf6 74. d6 Ke6 75. d7 Kxd7 76. Kf2 Ke6 77. Ke3 Kd5 78. Kf2 Kd4 79. b4 cxb4 80. Kg1 b3 0-1